00465nam a22001577a 4500082001200000100001900012100002000031100004200051245004100093260002700134300000800161700003500169700003500204700003300239700003500272 aR/2CS17 aSateesh Kumar  aRoll No. 17CS21 aSupervisor - Prof. Dr. Pardeep Kumar  aIoT Based Patient Healthcare System. aNawabshahbQUESTc2020 a36p aManesh Kumar (Roll No. 17CS23) aYougesh Raja (Roll No. 17CS25) aLove Kumar (Roll No. 17CS38) aJahanzeb Ali (Roll No. 17CS51)